| 000 | 00524nam a2200193 4500 | ||
|---|---|---|---|
| 005 | 20241018093715.0 | ||
| 008 | 241018b |||||||| |||| 00| 0 eng d | ||
| 020 |
_aX _c[n.p.] |
||
| 040 | _aMAIN | ||
| 082 |
_a381 _bB245S |
||
| 100 | _aBarkha | ||
| 245 | _aStudy on tax planning instruments adopted by university and college teachers in Rohtak city | ||
| 260 |
_bDept. of Commerce, M D University, Rohtak _c2018- 19 |
||
| 300 | _a101 | ||
| 650 | _aCommerce | ||
| 700 | _aRathee, Seema | ||
| 942 | _cTH | ||
| 999 |
_c357648 _d357648 |
||